000 00283nam a2200133Ia 4500
100 _aFeibel Werner
942 _cBK
654 _aComputer
245 _aComplete Encyclopedia of Networking
260 _bNovell Press
_c1995
300 _a1216
546 _aENGLISH
999 _c31216
_d31216